| 000 | 00648nam a2200217 a 4500 | ||
|---|---|---|---|
| 001 | 3427 | ||
| 005 | 20140414131931.0 | ||
| 008 | 040602s19uu xx 00 eng d | ||
| 020 | _a0-7534-0162-2 | ||
| 050 |
_aREF 598 _bOn2 1999 |
||
| 100 | _aO'Neill, Amanda | ||
| 245 |
_aI wonder why vultures are bald : _cAmandan O'Neill. _band other questions about birds / |
||
| 260 |
_aLondon : _bKingfisher Book, _c1999. |
||
| 300 | _a32 p. : ill. ; cm. | ||
| 440 | _aI wonder why series | ||
| 500 | _aIncludes index | ||
| 650 |
_aBirds _xMiscellanea. |
||
| 650 | _a Questions and answers. | ||
| 650 | _aBirds--Juvenile literature. | ||
| 999 |
_c112219 _d112219 |
||